Animation and effects with Macromedia flast MX 2004

Bibliographic Details
Main Author: DeHaan, Jen (Author)
Format: Book
Published: Berkeley, CA. : Macromedia Press , c2005
Subjects:

MARC

LEADER 00000cam a2200000 7i4500
001 0000005489
005 20161004093000.0
008 021118s2005
020 |a 032130344X 
090 0 0 |a TR897.7   |b .D43 2005 kit 
100 0 |a DeHaan, Jen ,   |e author 
245 1 0 |a Animation and effects with Macromedia flast MX 2004   |c Jen Dehaan 
260 2 |a Berkeley, CA. :   |b Macromedia Press ,   |c c2005 
300 |a xiv, 456 p. :   |b ill. ;   |c 23 cm.   |e 1 CD-ROM (4 3/4 in.) 
504 |a Includes index 
640 0 0 |a Flash (Computer file) 
650 0 |a Computer animation 
650 0 |a Web sites   |x Design 
999 |a 1000105483   |b Book   |c OPEN SHELF (30 DAYS)   |e Tembila Campus 
999 |a 1000105484   |b CD-ROM   |c Close Access   |e Tembila Campus